000 00232nmm a2200085Ia 4500
008 220120s9999||||xx |||||||||||||||||und||
100 _aDigit
245 0 _a15 plus game development tools
260 _aNine dot nine interactive ltd.
_c2012
999 _c139734
_d139734